000 00357nam a2200133Ia 4500
008 151001s9999||||xx |||||||||||||| ||und||
100 _aM N Roy
245 4 _aThe Historical Role of Islam
250 _a1
260 _bKuda Baksh O.P.Libary
260 _c1996
300 _a170
365 _b21
999 _c973634
_d973631